ბათუმის შოთა რუსთაველის სახელმწიფო უნივერსიტეტის ბიბლიოთეკა

Справочник по теплоснабжению и вентиляции:вентиляция и кондицирование воздуха. (ბიბ.ჩანაწერი № 47889)

000 -LEADER
fixed length control field 00779nam a2200217Ia 4500
001 - CONTROL NUMBER
control field 14766
003 - CONTROL NUMBER IDENTIFIER
control field GE_BSU
008 - FIXED-LENGTH DATA ELEMENTS--GENERAL INFORMATION
fixed length control field 181216s||||||||xx |||||||||||||| ||und||
040 ## - CATALOGING SOURCE
Transcribing agency GE_BSU
080 ## - UNIVERSAL DECIMAL CLASSIFICATION NUMBER
Universal Decimal Classification number 697(035.5)+536(035.5)
100 ## - MAIN ENTRY--PERSONAL NAME
Personal name Щекин,Р.В. Короневский,С.М. Бем,Г.Е. и др.
245 ## - TITLE STATEMENT
Title Справочник по теплоснабжению и вентиляции:вентиляция и кондицирование воздуха.
245 ## - TITLE STATEMENT
Statement of responsibility, etc. Ред. К.Б.Бегер.
260 ## - PUBLICATION, DISTRIBUTION, ETC.
Place of publication, distribution, etc. Киев.
260 ## - PUBLICATION, DISTRIBUTION, ETC.
Name of publisher, distributor, etc. Будiвельник.
260 ## - PUBLICATION, DISTRIBUTION, ETC.
Date of publication, distribution, etc. 1968.
300 ## - PHYSICAL DESCRIPTION
Extent 284 стр. 22 см.
300 ## - PHYSICAL DESCRIPTION
Accompanying material 101 табл. 75 рис.
653 ## - INDEX TERM--UNCONTROLLED
Uncontrolled term Справочник по теплоснабжению и вентиляции.
942 ## - ADDED ENTRY ELEMENTS (KOHA)
Koha item type წიგნი
ეგზემპლარები
Withdrawn status Lost status Damaged status Not for loan Date acquired Barcode Date last seen Price effective from Koha item type
        2018-12-17 10332 2018-12-17 2018-12-17 წიგნი
        2018-12-17 10333 2018-12-17 2018-12-17 წიგნი